Presidential Cabinet- 46th Administration - Statistics

General Stats
  • This quiz has been taken 4 times
  • The average score is 19 of 38
Answer Stats
Picture Hint Answer % Correct
President pro tempore of the Senate (01/03/21 - 01/20/21) Chuck Grassley
100%
President of the United States Joe Biden
100%
Vice President of the United States Kamala Harris
100%
Speaker of the House of Representatives (01/07/23 - 10/03/23) Kevin McCarthy
100%
Speaker of the House of Representatives (Remainder of term) Mike Johnson
100%
Speaker of the House of Representatives (01/03/19 - 01/03/23) Nancy Pelosi
100%
United States Secretary of State Antony Blinken
75%
Director of National Intelligence Avril Haines
75%
United States Secretary of the Interior Deb Haaland
75%
United States Secretary of Veteran Affairs Dennis McDonough
75%
United States Secretary of Commerce Gina Raimondo
75%
United States Secretary of the Treasury Janet Yellen
75%
United States Secretary of Housing and Urban Development (03/10/21 - 03/22/24) Marcia Fudge
75%
President pro tempore of the Senate (Remainder of term) Patty Murray
75%
United States Secretary of Transportation Pete Buttigieg
75%
United States Secretary of Agriculture Tom Vilsack
75%
United States Secretary of Health and Human Services Xavier Becerra
75%
United States Secretary of Energy Jennifer Granholm
50%
United States Ambassador to the United Nations Linda Thomas-Greenfield
50%
United States Secretary of Defense Lloyd Austin
50%
United States Secretary of Labor (03/21/21 - 03/11/23) Marty Walsh
50%
United States Attorney General Merrick Garland
50%
Administrator of the Environmental Protection Agency (03/11/21 - 12/31/24) Michael Regan
50%
President pro tempore of the Senate (01/20/21 - 01/03/23) Patrick Leahy
50%
White House Chief of Staff (01/20/21 - 02/07/23) Ron Klain
50%
[Acting] Administrator of the Environmental Protection Agency (Remainder of term) Jane Nishida
25%
United States Secretary of Education Miguel Cardona
25%
Director of the Office of Management and Budget Shalanda Young
25%
[Acting] United States Secretary of Housing and Urban Development (Remainder of term) Adrianne Todman
0%
Director of the Office of Science and Technology Policy (Remainder of term) Arati Prabhakar
0%
Chair of the Council of Economic Advisers (03/12/21 - 03/31/23) Cecilia Rouse
0%
Director of the Office of Science and Technology Policy (06/02/21 - 02/18/22) Eric Lander
0%
Administrator of the Small Business Administration Isabel Guzman
0%
Chair of the Council of Economic Advisers (Remainder of term) Jared Bernstein
0%
White House Chief of Staff (Remainder of term) Jeff Zients
0%
[Acting] United States Secretary of Labor Julie Su
0%
United States Trade Representative Katherine Tai
0%
Director of the Central Intelligence Agency William J. Burns
0%
No matching quizzes found
Score Distribution
Percent of People with Each Score
Percentile by Number Answered
Your Score History
You have not taken this quiz